| 000 | 00705nam a2200229 i 4500 | ||
|---|---|---|---|
| 001 | 140908 | ||
| 003 | ES-MaACL | ||
| 005 | 20230906200158.0 | ||
| 007 | t| | ||
| 008 | 070918s1951 sp ||||1| spa d | ||
| 100 | 1 |
_aWerfel, Franz. _9116500 |
|
| 245 | 1 | 3 |
_aEl crepúsculo de un mundo / _cFranz Werfel ; [versión española de Juan José Permanyer e Ignacio River]. |
| 250 | _a[1ª ed.]. | ||
| 260 |
_aBarcelona : _bLuis de Caralt, _c[1951] |
||
| 300 |
_a483 p. ; _c20 cm. |
||
| 490 | 1 | _aGigante | |
| 700 | 1 |
_aPermanyer y Ayats, Juan José ( _d1848-1919) _9131031 |
|
| 700 | 1 |
_aRived, Ignacio. _997600 |
|
| 830 | 0 |
_aGigante _9181050 |
|
| 852 |
_aES-MaACL _jD-6991 _bR.32109 |
||
| 999 |
_c140908 _d140908 |
||